Library Banner

The new clash of civilizations (Record no. 61977)

MARC details
000 -LEADER
fixed length control field 00503nam a2200169Ia 4500
001 - CONTROL NUMBER
control field 61534
008 - FIXED-LENGTH DATA ELEMENTS--GENERAL INFORMATION
fixed length control field 141120s9999 xx 000 0 und d
020 ## - INTERNATIONAL STANDARD BOOK NUMBER
International Standard Book Number 9788129129901
040 ## - CATALOGING SOURCE
Transcribing agency PK-LaUMT
082 ## - DEWEY DECIMAL CLASSIFICATION NUMBER
Classification number 954.035
Item number MER-N
100 ## - MAIN ENTRY--PERSONAL NAME
Personal name Merchant, Minhaz
245 #4 - TITLE STATEMENT
Title The new clash of civilizations
Remainder of title how the contest between America, China, India and Islam will shape our century
Statement of responsibility, etc Merchant, Minhaz
260 ## - PUBLICATION, DISTRIBUTION, ETC. (IMPRINT)
Place of publication, distribution, etc New Delhi,India:
Name of publisher, distributor, etc Rainlight,
Date of publication, distribution, etc 2013
300 ## - PHYSICAL DESCRIPTION
Extent 314 p.
546 ## - LANGUAGE NOTE
Language note EN
942 ## - ADDED ENTRY ELEMENTS (KOHA)
Koha item type Books
Holdings
Withdrawn status Lost status Damaged status Not for loan Home library Current library Date acquired Total Checkouts Full call number Barcode Date last seen Date checked out Price effective from Koha item type
        UMT Main Campus UMT Main Campus 2014-11-18 5 954.035 MER-N 79608 2023-04-09 2022-06-15 2014-11-20 Books